00944nam a22002537a 450000500170000001000130001702000210003003500130005103700160006404000120008008200180009210000310011024500900014126000560023127000630028730000250035049000450037550000410042065000220046165000310048394200270051499900190054195201300056020170124110222.0 aA-991966 c00.00a817075058 aA-991966 bCen Lib/Ret aDPLbEN a658.4038bGAU a Gautam, Vinayshil 922170 aInformation systems, organisations and comparative management /cby Vinayshil Gautam  aNew Delhi bHindustan Publishing Corporation c2000 bNew Delhi a4805/24, bharat ram road, dariya ganj e110002 axxi, 147p.c21cm(Hb) aResearches in management in asia series  aIncludes bibliographical references  aManagement 93072 aInformation systems 91189 2ddccENh658.4038mGAU c134181d134181 001040718REFaLbLd2015-07-29eCen Lib/Retg0.00l0o658.4038 GAUpA-991966r2015-07-29 00:00:00t1v0.00w2015-07-29yEN